Willslo favorite Fortnite named POIs - Statistics

General Stats
  • This quiz has been taken 4 times
  • The average score is 5 of 10
Answer Stats
Hint Answer % Correct
2 Tilted Towers
100%
6 Pleasant Park
75%
1 Salty Springs
75%
9 The Agency
75%
4 Lazy Links
50%
7 The Shark
50%
8 Chonker's Speedway
25%
5 Happy Hamlet
25%
3 Misty Meadows
25%
10 Snobby Shores
25%
No matching quizzes found
Score Distribution
Percent of People with Each Score
Percentile by Number Answered
Your Score History
You have not taken this quiz